000 00339nam a2200145Ia 4500
008 150201s2014 xx 000 0 und d
082 _a618.92
_bW14M
100 _aMHESKE, SUMIT NATHA
245 _aWORLD PAEDIATRICS
250 _a2014
260 _bPARAS PUB.
_aDELHI
_c2014
300 _a1-401
650 _aPADIATRICS
942 _2ddc
_cBK
999 _c1832
_d1832